000 00556nam a2200205Ia 4500
005 20250508170019.0
008 008 250505s9999 xx 000 0 hin d
020 _a978-81-9367-49-1-8
037 _aTextual
040 _aFEDL
_beng
_cFEDL
041 _ahin
_2eng
084 _a891.433, GUP
_qFEDL
100 _aGupt Shambhu
245 0 _aSahitya srajan: Badalti prakriya
260 _aNew Delhi, India
_bSamayik Books
_c2012
300 _a288p.
365 _aINR
_b460
942 _cTEXL
_h891.433, GUP
999 _c1398690
_d1398690